| 000 | 00368nam a22001457a 4500 | ||
|---|---|---|---|
| 020 | _a9780070672840 | ||
| 082 |
_a621.801 _bGAN/DE |
||
| 100 |
_aGanesh Babu K. _91306 |
||
| 100 |
_aSrithar K. _91307 |
||
| 245 | _aDesign of Machine Elements | ||
| 250 | _a2 nd | ||
| 260 |
_aNew Delhi _bTata McGraw Hill Education Private Limited. _c2010 |
||
| 300 | _a544 | ||
| 942 | _cBBS | ||
| 999 |
_c14741 _d14741 |
||